Start the revolution (Record no. 81297)
[ view plain ]
| 000 -LEADER | |
|---|---|
| fixed length control field | 01288cad a22002175a 4500 |
| 001 - CONTROL NUMBER | |
| control field | E146814 |
| 008 - FIXED-LENGTH DATA ELEMENTS--GENERAL INFORMATION | |
| fixed length control field | 090302s2009 xxkad f s 000 0 eng d |
| 035 ## - SYSTEM CONTROL NUMBER | |
| System control number | (Sirsi) u146814 |
| 041 0# - LANGUAGE CODE | |
| Language code of text/sound track or separate title | eng |
| 100 1# - MAIN ENTRY--PERSONAL NAME | |
| Personal name | Hall, Beverley |
| 245 04 - TITLE STATEMENT | |
| Title | Start the revolution |
| Medium | [electronic resource] |
| 260 ## - PUBLICATION, DISTRIBUTION, ETC. | |
| Date of publication, distribution, etc. | 2009 |
| 490 ## - SERIES STATEMENT | |
| Series statement | RICS Residential Property Journal |
| Volume/sequential designation | March-April 2009, 4-7(4) |
| 520 ## - SUMMARY, ETC. | |
| Summary, etc. | Suggests that affordable housing offers those who might not be able to afford a house on the open market a chance to get on the housing ladder. However a number of problems with the current system are identified, including the need for effective marketing; the complexity of buying a shared ownership home; and the lack of flexibility by lenders. Argues that overcoming these problems could mean that low-cost home ownership could play an important part in rebuilding confidence in the UK housing market. |
| 520 ## - SUMMARY, ETC. | |
| Summary, etc. | Article is member-only content and members must be registered with www.rics.org to access it. |
| 590 ## - LOCAL NOTE (RLIN) | |
| Local note | KA |
| 651 #4 - SUBJECT ADDED ENTRY--GEOGRAPHIC NAME | |
| Geographic name | United Kingdom |
| Chronological subdivision | |
| 690 ## - LOCAL SUBJECT ADDED ENTRY--TOPICAL TERM (OCLC, RLIN) | |
| Topical term or geographic name as entry element | PROPERTY-RESIDENTIAL PROPERTY-DOMESTIC RESIDENTIAL PROPERTY-HOUSING |
| 856 40 - ELECTRONIC LOCATION AND ACCESS | |
| Uniform Resource Identifier | <a href="https://www.rics.org/RICSWEB/getpage.aspx?p=xB1RQM0JTE2YC8SxEVVdpw">https://www.rics.org/RICSWEB/getpage.aspx?p=xB1RQM0JTE2YC8SxEVVdpw</a> |
| Public note | View the article free of charge at www.rics.org... |
| 942 ## - ADDED ENTRY ELEMENTS (KOHA) | |
| Suppress in OPAC | 0 |
| Withdrawn status | Lost status | Source of classification or shelving scheme | Damaged status | Not for loan | Home library | Current library | Shelving location | Date acquired | Total Checkouts | Full call number | Barcode | Date last seen | Copy number | Price effective from | Koha item type |
|---|---|---|---|---|---|---|---|---|---|---|---|---|---|---|---|
| Dewey Decimal Classification | Virtual | Virtual | Online | 02/03/2009 | ONLINE PUBLICATION | 146814-2001 | 06/08/2019 | 1 | 06/08/2019 | Journal article |